[Event "XXI Rapid Open"]
[Site "Villarrobledo ESP"]
[Date "2006.08.05"]
[Round "1"]
[White "Malakhov,V"]
[Black "Ramos Lor,J"]
[Result "1-0"]
[WhiteElo "2690"]
[BlackElo "2052"]

1.e4 e5 2.Nf3 Nc6 3.Bc4 Bc5 4.c3 Nf6 5.d3 d6 6.Bb3 h6 7.O-O Be6 8.Bc2 Bb6
9.h3 Qd7 10.d4 exd4 11.Nxd4 Nxd4 12.cxd4 Bc4 13.Re1 O-O-O 14.Nc3 g5 15.Be3 g4
16.h4 g3 17.fxg3 Rdg8 18.Bf4 Qg4 19.Na4 Qxd1 20.Nxb6+ axb6 21.Bxd1 d5 22.Be5 Nxe4
23.Bxh8 Rxh8 24.Bf3 Nxg3 25.b3 Bb5 26.Bxd5 Ne2+ 27.Kf2 Nxd4 28.Rad1 Nc6 29.a4 Ba6
30.Bxf7 b5 31.axb5 Bxb5 32.Re8+ Rxe8 33.Bxe8 Nd4 34.Bxb5 Nxb5 35.g4  1-0

[Event "XXI Rapid Open"]
[Site "Villarrobledo ESP"]
[Date "2006.08.05"]
[Round "2"]
[White "Aranda Marin,C"]
[Black "Malakhov,V"]
[Result "0-1"]
[WhiteElo "2311"]
[BlackElo "2690"]

1.d4 Nf6 2.Nf3 c5 3.c3 e6 4.Bg5 Be7 5.e3 d5 6.Nbd2 Nbd7 7.Bd3 O-O 8.O-O b6
9.Rc1 Bb7 10.Re1 c4 11.Bb1 b5 12.Ne5 Ne4 13.Nxe4 dxe4 14.Nxd7 Qxd7 15.Bxe7 Qxe7
16.Qg4 Bd5 17.f3 f5 18.Qh3 exf3 19.gxf3 Rf6 20.Rc2 Rh6 21.Qf1 Qh4 22.Rce2 Rf8
23.Qf2 Rg6+ 24.Kh1 Qh3 25.Rf1 Rg3  0-1

[Event "59th ch-RUS 1st League"]
[Site "Tomsk RUS"]
[Date "2006.09.03"]
[Round "1"]
[White "Maletin,P"]
[Black "Malakhov,V"]
[Result "1/2-1/2"]
[WhiteElo "2543"]
[BlackElo "2690"]

1.Nf3 c5 2.g3 Nc6 3.Bg2 g6 4.c4 Bg7 5.Nc3 d6 6.O-O Bf5 7.h3 e5 8.a3 Nge7
9.b4 cxb4 10.axb4 Nxb4 11.Ba3 a5 12.Nh4 Bd7 13.Ne4 O-O 14.Nxd6 Qc7 15.c5 Qxc5
16.Nxb7 Qb6 17.Rc1 Rfc8 18.Nc5 Bc6 19.Ne4 Rd8 20.d3 h6 21.Qe1 Bd5 22.Nd2 Bxg2
23.Nxg2 Nec6 24.Nc4 Qb5 25.Rb1 Rab8 26.Nge3 Bf8 27.f4 exf4 28.Rxf4 Qh5 29.Qf1 Nd5
30.Rxb8 Rxb8 31.Rxf7 Bxa3 32.Nxa3 Nxe3 33.Qf6 Nf5 34.Rc7 Nfe7 35.Qe6+ Kf8
36.Qf6+ Kg8 37.Qe6+ Kf8 38.Qf6+  1/2-1/2

[Event "59th ch-RUS 1st League"]
[Site "Tomsk RUS"]
[Date "2006.09.04"]
[Round "2"]
[White "Malakhov,V"]
[Black "Vorobiov,E"]
[Result "1/2-1/2"]
[WhiteElo "2690"]
[BlackElo "2539"]

1.e4 c5 2.Na3 Nc6 3.Bb5 Qc7 4.Nf3 a6 5.Bxc6 Qxc6 6.O-O e6 7.Re1 b6 8.d4 cxd4
9.Qxd4 Nf6 10.Bg5 Bc5 11.Qd3 Bb7 12.Rad1 d6 13.Bxf6 gxf6 14.Nc4 O-O-O 15.Qc3 Kb8
16.Ncd2 e5 17.Nb3 f5 18.Nxc5 bxc5 19.exf5 Rhg8 20.Kf1 Qb5+ 21.Kg1 Qc6 22.Re3 e4
23.Ne1 d5 24.Qe5+ Ka8 25.Rg3 Rxg3 26.hxg3 d4 27.b4 cxb4 28.Rxd4 Rxd4 29.Qxd4 Qd5
30.Qxb4 Qxa2 31.c4 a5 32.Qc3 a4 33.Nc2 Qb1+ 34.Kh2 Qb3 35.Qa5+ Kb8 36.Nd4 Qxc4
37.Qb6 Qd5 38.Nb5 e3 39.Qc7+ Ka8 40.Qa5+  1/2-1/2

[Event "59th ch-RUS 1st League"]
[Site "Tomsk RUS"]
[Date "2006.09.05"]
[Round "3"]
[White "Amonatov,F"]
[Black "Malakhov,V"]
[Result "0-1"]
[WhiteElo "2542"]
[BlackElo "2690"]

1.e4 c5 2.Nf3 Nc6 3.d4 cxd4 4.Nxd4 g6 5.c4 Nf6 6.Nc3 d6 7.Be2 Nxd4 8.Qxd4 Bg7
9.Bg5 O-O 10.Qd2 Be6 11.Rc1 Qa5 12.f3 Rfc8 13.b3 Kf8 14.O-O a6 15.f4 Rc5
16.Qe3 Rac8 17.Na4 R5c7 18.Nb6 Re8 19.f5 gxf5 20.exf5 Bd7 21.Kh1 Bc6 22.a4 Ne4
23.Bf4 Qc5 24.Bf3 Bd4 25.Bh6+ Kg8 26.Qf4 Qxb6 27.Bxe4 Bf6 28.Rf3 Kh8 29.Rh3 Rg8
30.Bf8 Rg5 31.Bh6 Rg8 32.Bf8 Rg5 33.Qh4 h5 34.Bh6 Rxf5 35.Qe1 Re5 36.c5 Rxc5
37.Rb1 Bxe4 38.Qxe4 Qc6 39.Qf4 Rc8 40.b4 Re5 41.Bf8 Rg5 42.Rg3 Rxg3  0-1

[Event "59th ch-RUS 1st League"]
[Site "Tomsk RUS"]
[Date "2006.09.06"]
[Round "4"]
[White "Malakhov,V"]
[Black "Yevseev,D"]
[Result "1-0"]
[WhiteElo "2690"]
[BlackElo "2572"]

1.e4 c6 2.d4 d5 3.e5 Bf5 4.Nd2 e6 5.Nb3 Nd7 6.Nf3 Ne7 7.Be2 f6 8.exf6 gxf6
9.Nh4 Bg6 10.Bg4 e5 11.dxe5 fxe5 12.Bg5 Bg7 13.O-O Rf8 14.Qe2 e4 15.Nxg6 hxg6
16.c4 Bf6 17.Bh6 Rh8 18.Bf4 Ne5 19.cxd5 Qxd5 20.Rad1 Nd3 21.Bg3 Nf5 22.Bf3 Nxg3
23.hxg3 O-O-O 24.Bxe4 Qg5 25.Rxd3 Rde8 26.Re3 Kb8 27.Bf3 Be5 28.Bg4  1-0

[Event "59th ch-RUS 1st League"]
[Site "Tomsk RUS"]
[Date "2006.09.07"]
[Round "5"]
[White "Vitiugov,N"]
[Black "Malakhov,V"]
[Result "1/2-1/2"]
[WhiteElo "2555"]
[BlackElo "2690"]

1.d4 d5 2.c4 c6 3.Nc3 Nf6 4.Nf3 a6 5.c5 Nbd7 6.Bf4 Nh5 7.Bd2 Nhf6 8.Rc1 g6
9.h3 Qc7 10.g3 Bg7 11.Bg2 O-O 12.Bf4 Qd8 13.O-O Nh5 14.Bd2 f5 15.Na4 e5 16.dxe5 Nxe5
17.Bc3 Nxf3+ 18.Bxf3 Bxc3 19.Rxc3 Ng7 20.e3 Be6 21.Bg2 Qe7 22.b4 Rae8 23.Rd3 Bf7
24.Qd2 Nh5 25.Nc3 Nf6 26.Ne2 Nd7 27.f4 a5 28.a3 axb4 29.axb4 Ra8 30.Qb2 b6
31.Nd4 bxc5 32.Nxc6 Qd6 33.Ne5 Nxe5 34.fxe5 Qb6 35.Bxd5 Bxd5 36.Rxd5 cxb4
37.Rd4 Ra3 38.Re1 Rb8 39.e6 Qc7 40.Kh2 Rc3 41.Re2 Qe7 42.Red2 Qxe6 43.Rxb4 Rbc8
44.Rb8 Rxe3 45.Rxc8+ Qxc8 46.Qa2+ Re6 47.Re2 Kf7 48.Qa7+ Kg8  1/2-1/2

[Event "59th ch-RUS 1st League"]
[Site "Tomsk RUS"]
[Date "2006.09.08"]
[Round "6"]
[White "Malakhov,V"]
[Black "Tomashevsky,E"]
[Result "1/2-1/2"]
[WhiteElo "2690"]
[BlackElo "2594"]

1.e4 e5 2.Nf3 Nc6 3.Bc4 Nf6 4.d3 Be7 5.O-O O-O 6.Re1 d6 7.a4 Be6 8.a5 a6
9.Nc3 Qd7 10.h3 Nd4 11.Ng5 Bxc4 12.dxc4 h6 13.Nf3 Nxf3+ 14.Qxf3 c6 15.Rd1 Qe6
16.b3 Nd7 17.Ba3 Nc5 18.Bxc5 dxc5 19.Qe3 Rad8 20.Na4 Qg6 21.f3 Qg5 22.Qxg5 hxg5
23.Kf1 g6 24.Nb6 Rd4 25.Nd7 Rd8 26.Rxd4 exd4 27.Ne5 Bd6 28.Nd3 f6 29.g3 Re8
30.Kf2 Kf7 31.Rh1 Kg7 32.h4 gxh4 33.Rxh4 Re7 34.Rh1 Re8 35.Re1 Re7 36.f4 Bc7
37.Ra1 Rxe4 38.Nxc5 Re7 39.Nxb7 Bxf4 40.Nc5 Bd6 41.Nxa6 Ra7 42.c5 Be5 43.Nb4 d3
44.Rf1 Rxa5 45.Nxd3 Ra2 46.Rc1 Bc3 47.Ke3 f5 48.Nf4 Kf6 49.Rh1 Be5 50.Kd3 Ra8
51.Rh6 Rg8 52.Ke3 Kg5 53.Rh4 Ra8 54.Kf3 Bxf4 55.Rxf4 Ra2 56.Rc4 Kf6 57.g4 Ke5
58.gxf5 gxf5 59.Ke3 Ra1 60.Rh4 Ra5 61.b4 Ra3+ 62.Kd2 f4 63.Rh6 Kd5 64.Rf6 Rf3
65.Rf8 Kc4 66.Ke2 Re3+ 67.Kf2 Rc3 68.Rxf4+ Kb5 69.Ke2  1/2-1/2

[Event "59th ch-RUS 1st League"]
[Site "Tomsk RUS"]
[Date "2006.09.09"]
[Round "7"]
[White "Timofeev,Arty"]
[Black "Malakhov,V"]
[Result "0-1"]
[WhiteElo "2657"]
[BlackElo "2690"]

1.e4 c5 2.Nf3 Nc6 3.d4 cxd4 4.Nxd4 g6 5.Nc3 Bg7 6.Be3 Nf6 7.Bc4 Qa5 8.O-O O-O
9.Bb3 d6 10.h3 Bd7 11.Re1 Rfc8 12.Qd3 Be8 13.Rad1 Nd7 14.Nd5 Qd8 15.Qe2 a6
16.c3 e6 17.Nxe6 fxe6 18.Nf4 Bf7 19.Nxe6 Qe7 20.Nxg7 Bxb3 21.axb3 Kxg7 22.Qd2 Nf8
23.Bf4 Qf7 24.c4 Ne6 25.Bxd6 Rd8 26.Qc3+ Qf6 27.Rd5 a5 28.f4 Qxc3 29.bxc3 a4
30.bxa4 Rxa4 31.Rb1 Rxc4 32.Rxb7+ Kg8 33.Rb6 Rxc3 34.Kh2 Rc2 35.Rb3 Re2 36.f5 Ned4
37.Rg3 Rxe4 38.fxg6 h6 39.Ra3 Kg7 40.Rd3 Kxg6 41.Rg3+ Kh7 42.Rg4 Re6 43.Be5 Rxd5  0-1

[Event "59th ch-RUS 1st League"]
[Site "Tomsk RUS"]
[Date "2006.09.10"]
[Round "8"]
[White "Malakhov,V"]
[Black "Inarkiev,E"]
[Result "0-1"]
[WhiteElo "2690"]
[BlackElo "2625"]

1.e4 e5 2.Nf3 Nc6 3.Bb5 a6 4.Ba4 Nf6 5.O-O Be7 6.Bxc6 dxc6 7.d3 Nd7 8.Nbd2 f6
9.Nh4 g6 10.Nc4 Nf8 11.Bd2 b6 12.b3 Be6 13.g3 Qd7 14.Ng2 O-O-O 15.Bc3 h5
16.f4 h4 17.gxh4 exf4 18.Qd2 Bxc4 19.bxc4 Ne6 20.Nxf4 Rxh4 21.Nxe6 Qxe6 22.Rae1 Rdh8
23.Re2 Qh3 24.Rg2 Bd6 25.Rff2 Bc5 26.d4 Rd8 27.Re2 Qxc3 28.Qxc3 Bxd4+ 29.Qxd4 Rxd4
30.Rxg6 Rhxe4 31.Rxe4 Rxe4 32.Rxf6 Rxc4 33.Rf2 Ra4 34.c3 Kd7 35.Kg2 b5 36.Kg3 Rc4
37.Rf3 Ra4 38.Rf2 Ke6 39.h4 Ra3 40.Rc2 Kf5 41.Kf3 Ra4 42.c4 Ra3+ 43.Ke2 Rh3
44.Rc1 Ke4 45.Kd2 Kd4  0-1

[Event "59th ch-RUS 1st League"]
[Site "Tomsk RUS"]
[Date "2006.09.11"]
[Round "9"]
[White "Alekseev,Evgeny"]
[Black "Malakhov,V"]
[Result "1-0"]
[WhiteElo "2644"]
[BlackElo "2690"]

1.e4 c5 2.Nf3 Nc6 3.d4 cxd4 4.Nxd4 g6 5.c4 Nf6 6.Nc3 d6 7.Be2 Nxd4 8.Qxd4 Bg7
9.Be3 O-O 10.Qd2 Be6 11.Rc1 Qa5 12.f3 Rfc8 13.b3 Rab8 14.g4 Kf8 15.g5 Nd7
16.Nd5 Qa3 17.Kf2 Bxd5 18.exd5 a5 19.h4 a4 20.h5 axb3 21.axb3 Qb2 22.Rc2 Qxb3
23.hxg6 hxg6 24.Bd4 Bxd4+ 25.Qxd4 f6 26.Rb2 Qa3 27.Qh4 Ke8 28.Qh8+ Nf8 29.gxf6 Rc7
30.Rh4 exf6 31.Qxf6 Re7 32.c5 Qxc5+ 33.Kg2 b5 34.Rh8 Rf7 35.Bxb5+ Qxb5 36.Qe6+  1-0

[Event "22nd ECU Club Cup"]
[Site "Feugen AUT"]
[Date "2006.10.09"]
[Round "2"]
[White "Malakhov,V"]
[Black "Vogt,L"]
[Result "1-0"]
[WhiteElo "2682"]
[BlackElo "2479"]

1.e4 c5 2.Nf3 d6 3.d4 cxd4 4.Nxd4 Nf6 5.Nc3 e6 6.g3 Nc6 7.Bg2 Bd7 8.O-O a6
9.a4 Be7 10.Be3 O-O 11.Kh1 Ne5 12.f4 Nc4 13.Bc1 e5 14.Nf5 exf4 15.Nxe7+ Qxe7
16.Bxf4 h6 17.Qd4 Ne5 18.Rad1 Rac8 19.Qxd6 Qxd6 20.Rxd6 Nc4 21.Rxf6 gxf6
22.Bxh6 Rfd8 23.Nd5 Be6 24.Nxf6+ Kh8 25.h3 Ne5 26.c3 Rc4 27.a5 Rd3 28.Nd5 Ra4
29.Nf4 Rd6 30.Bg5 Bc4 31.Rf2 Rxa5 32.Nd5 Bxd5 33.exd5 Kg7 34.Be7 Rdxd5 35.Bf6+ Kg8
36.Bxd5 Rxd5 37.Re2 Nc6 38.g4 Rd6 39.Rf2 b5 40.h4 Re6 41.g5 Re4 42.h5 Rh4+
43.Rh2 Rxh2+ 44.Kxh2 a5 45.Kg3 a4 46.Kf4 Na5 47.Be7 Nc4 48.Ba3  1-0

[Event "22nd ECU Club Cup"]
[Site "Feugen AUT"]
[Date "2006.10.10"]
[Round "3"]
[White "Minasian,Art"]
[Black "Malakhov,V"]
[Result "0-1"]
[WhiteElo "2596"]
[BlackElo "2682"]

1.e4 c5 2.Nf3 Nc6 3.d4 cxd4 4.Nxd4 g6 5.c4 Nf6 6.Nc3 d6 7.Nc2 Bg7 8.Be2 O-O
9.O-O Nd7 10.Bd2 Nc5 11.b4 Nd7 12.Rb1 b6 13.f4 Bb7 14.Be1 Rc8 15.Rf3 Ncb8
16.Rh3 Nf6 17.Bd3 Nbd7 18.Ne3 a6 19.g4 h6 20.Bd2 e6 21.Qe1 g5 22.fxg5 hxg5
23.Nc2 Nxg4 24.e5 Bxe5 25.Rh5 Bxh2+ 26.Rxh2 Nxh2 27.Kxh2 Ne5 28.Be2 Rxc4
29.Kg3 Qf6 30.Qg1 Rxc3+  0-1

[Event "22nd ECU Club Cup"]
[Site "Feugen AUT"]
[Date "2006.10.11"]
[Round "4"]
[White "Dvoirys,S"]
[Black "Malakhov,V"]
[Result "1/2-1/2"]
[WhiteElo "2553"]
[BlackElo "2682"]

1.e4 c5 2.Nf3 Nc6 3.d4 cxd4 4.Nxd4 g6 5.c4 Nf6 6.Nc3 d6 7.Be2 Nxd4 8.Qxd4 Bg7
9.Bg5 O-O 10.Qe3 Be6 11.O-O Qb6 12.Qd2 Qa5 13.b3 Rfc8 14.Rfc1 a6 15.a4 Qd8
16.Qe3 Nd7 17.Rab1 a5 18.Nd5 Bxd5 19.exd5 Bf6 20.h4 Nc5 21.Bg4 Rc7 22.Re1 Bxg5
23.hxg5 Qf8 24.Re2 f5 25.gxf6 exf6 26.f4 f5 27.Bf3 h5 28.g3 Qf6 29.Kh2 Rf8
30.Qd2 b6 31.b4 axb4 32.Rxb4 Re7 33.Rxb6 Nxa4 34.Rb3 Nc5 35.Rxe7 Qxe7 36.Re3 Qf6
37.Qe1 Rf7 38.Re8+ Kg7 39.Kh3 Rb7 40.Qa5 Rf7 41.Qb6 Rb7 42.Qa5 Kh7 43.Qa8 Rf7
44.Qb8 h4 45.Rd8 Nb7 46.Rc8 hxg3 47.Rc7 Rxc7 48.Qxc7+ Qg7 49.Qc8 Nc5 50.Qd8 Nb7
51.Qc8 Qe7 52.Qe6 Qc7 53.Kxg3 Kg7 54.Qe3 Qf7 55.Qd4+ Kg8 56.Qe3 Nc5 57.Kg2 Qf6
58.Kg3 Kg7 59.Bg2 Kh6 60.Qe8 g5 61.fxg5+ Qxg5+ 62.Kf3 Qg4+ 63.Kf2 Qf4+ 64.Kg1 Qd4+
65.Kh2 Qf6 66.Qe3+ f4 67.Qe2 Kg5 68.Bf3 Kh6 69.Kg2 Kg7 70.Bg4 Qh4 71.Qf3 Qg5
72.Kf1 Kf6 73.Qh3 Qg6 74.Qc3+ Kg5 75.Bf3 Qd3+ 76.Qxd3 Nxd3 77.Bd1 Ne5 78.Bb3 Nf7
79.Ke2 Kf5 80.Bc2+ Ke5 81.Kd3 Ng5 82.Bd1 Ne4 83.Bf3 Nc5+ 84.Kc3 Kf5 85.Kd2 Nd7
86.Bg2 Kg4 87.Ke2 Nc5 88.Bf3+ Kg3 89.Bh1 Na4 90.Bf3 Nc5 91.Bh1 Nd7 92.Be4 Kg4
93.Bg2 Nc5 94.Bf3+ Kf5 95.Kd2 Nd7 96.Bg2 Kf6 97.Kd3 Nc5+ 98.Kd2 Ke5 99.Kc3 Nd7
100.Kd3 Nf6 101.Bf3 Nh7 102.Bh5 Ng5 103.Bg6 Nh3 104.c5 dxc5 105.d6 Kxd6 106.Ke4 c4
107.Bf5 c3 108.Kd4 f3 109.Kxc3 Nf4 110.Bc8 f2 111.Ba6 Ke5 112.Kd2 Ke4 113.Bb7+ Kf5
114.Ba6 Kg4 115.Ke3 Kg3 116.Bf1 Nd5+ 117.Ke4 Nf6+ 118.Ke3 Ng4+ 119.Ke4 Nh2
120.Ba6 Kg2 121.Ke3 Ng4+  1/2-1/2

[Event "22nd ECU Club Cup"]
[Site "Feugen AUT"]
[Date "2006.10.14"]
[Round "7"]
[White "Nyback,T"]
[Black "Malakhov,V"]
[Result "1-0"]
[WhiteElo "2575"]
[BlackElo "2682"]

1.d4 d5 2.c4 c6 3.Nc3 Nf6 4.e3 a6 5.Qc2 g6 6.Bd3 Bg7 7.Nf3 O-O 8.O-O Bg4
9.Ne5 Be6 10.b3 c5 11.Ne2 Nfd7 12.Nxd7 Nxd7 13.Bb2 cxd4 14.exd4 Qb8 15.c5 Nf6
16.Bc1 Nh5 17.Be3 Bd7 18.f4 Qc8 19.b4 Bf5 20.Bxf5 gxf5 21.Ng3 Nxg3 22.hxg3 e6
23.Kf2 Qd7 24.Rh1 h6 25.a4 Rfc8 26.Qd3 Qd8 27.Ra3 b6 28.Rc1 a5 29.b5 bxc5
30.dxc5 d4 31.Bd2 Bf8 32.c6 Bxa3 33.Qxa3 Qd5 34.Qc5 Qa2 35.Qc2 Qd5 36.Qc4 Qd8
37.Qc5  1-0

[Event "XIV Salona GM"]
[Site "Solin CRO"]
[Date "2006.11.25"]
[Round "2"]
[White "Dizdarevic,E"]
[Black "Malakhov,V"]
[Result "1/2-1/2"]
[WhiteElo "2492"]
[BlackElo "2682"]

1.d4 c5 2.dxc5 e6 3.Nd2 Nf6 4.Ngf3 Bxc5 5.e3 O-O 6.c4 Nc6 7.Be2 b6 8.O-O Bb7
9.b3 d5 10.Bb2 d4 11.Nxd4 Nxd4 12.exd4 Bxd4 13.Qc2 Bxb2 14.Qxb2 Qc7 15.Bf3 Rfd8
16.Bxb7 Qxb7 17.Nf3 Rd6 18.Rad1 Rad8 19.Rxd6 Rxd6 20.h3 h6 21.Rc1 Nd7 22.Ne5 f6
23.Nxd7 Qxd7 24.b4 Rd2 25.Qc3 Rxa2 26.c5 bxc5 27.bxc5 Qd2 28.Qxd2 Rxd2 29.c6 Rd8
30.Ra1 Rc8 31.Rxa7 Rxc6 32.h4 Rc5 33.g3 h5 34.Kg2 Kh7 35.Rb7 Kg6 36.Ra7 Rc3
37.Rb7 e5 38.Re7 Rc8 39.Kf3 Rf8 40.Ke4 Rf7 41.Re8 Ra7 42.Kf3 Kf5 43.Rh8 Kg6
44.Re8 Rd7 45.Rh8 Rd3+ 46.Kg2 Rd2 47.Kf3 Ra2 48.Kg2 e4 49.Re8 Kf5 50.Re7 g6
51.Re8 Ra5 52.Rb8 Re5 53.Rb3 Rd5 54.Ra3 Ke5 55.Ra8 Rb5 56.Ra7 Kf5 57.Ra6 Rb2
58.Ra5+ Ke6 59.Ra6+ Ke5 60.Ra8 f5 61.Ra7 Rc2 62.Ra8 Kf6 63.Ra6+ Kf7 64.Ra7+ Ke6
65.Ra8 Ke7 66.Ra5 Kd6 67.Kf1 Rc6 68.Kg2 Ke6 69.Rb5 Kf6 70.Ra5 Re6 71.Ra4 g5
72.hxg5+ Kxg5 73.Ra8 Rg6 74.Kh3 h4 75.gxh4+ Kf4 76.Rf8 Rb6 77.Kg2 Kg4 78.Rg8+ Kxh4
79.Kf1 Rb2 80.Ke1 Kh3 81.f3 e3 82.Rg5 f4 83.Rg4 Rb4 84.Ke2  1/2-1/2

[Event "XIV Salona GM"]
[Site "Solin CRO"]
[Date "2006.11.27"]
[Round "4"]
[White "Romanishin,O"]
[Black "Malakhov,V"]
[Result "0-1"]
[WhiteElo "2542"]
[BlackElo "2682"]

1.d4 d5 2.Nf3 c6 3.c4 e6 4.g3 dxc4 5.Bg2 b5 6.O-O Bb7 7.a4 a6 8.b3 cxb3 9.Nbd2 Nf6
10.Nxb3 Nbd7 11.Bg5 Be7 12.Ne5 Nxe5 13.dxe5 Nd5 14.Nc5 Rb8 15.Bxe7 Qxe7 16.Qd4 O-O
17.Rfd1 Rfe8 18.a5 f6 19.Rac1 f5 20.e4 fxe4 21.Qxe4 Bc8 22.Bf1 b4 23.Bd3 g6
24.Re1 b3 25.Bb1 Rb5 26.Qc4 b2 27.Rc2 Qc7 28.Ne4 Qxe5 29.Qxc6 Rd8 30.Rd2 Bb7
31.Qc4 Rc8 32.Qf1 Rxa5 33.h4 Ra1 34.Rdd1 Nc3 35.Nd6 Rxb1  0-1

[Event "XIV Salona GM"]
[Site "Solin CRO"]
[Date "2006.11.28"]
[Round "5"]
[White "Malakhov,V"]
[Black "Georgiev,Vl"]
[Result "1-0"]
[WhiteElo "2682"]
[BlackElo "2532"]

1.e4 e5 2.Nf3 Nc6 3.Bc4 Bc5 4.c3 Nf6 5.d3 a6 6.Bb3 d6 7.Nbd2 O-O 8.Nf1 d5
9.exd5 Nxd5 10.Ng3 f6 11.O-O Be6 12.Be3 Be7 13.d4 Kh8 14.dxe5 Nxe3 15.fxe3 Qxd1
16.Raxd1 Bxb3 17.axb3 Bc5 18.Kf2 Rae8 19.b4 Bb6 20.Rd5 Ne7 21.Rd7 Ng6 22.c4 fxe5
23.Ne4 Rf4 24.Nd2 Nf8 25.Rd5 c6 26.Rd6 e4 27.c5 exf3 28.cxb6 Rf5 29.gxf3 Rb5
30.Rd4 Rxb6 31.Nb3 Kg8 32.Rc4 Rb5 33.Rd1 Rbe5 34.Rd3 Rb5 35.Kg3 Rg5+ 36.Rg4 Rge5
37.Kf2 Rh5 38.h4 Ng6 39.Rd7 Rhe5 40.Rxb7 Rxe3 41.Nd4 R3e7 42.Rb6 Ne5 43.Re4 h5
44.Kg3 Nd3 45.Rxe7 Rxe7 46.Nxc6 Re1 47.Rxa6 Rg1+ 48.Kh2 Rb1 49.Rb6 Kh7 50.b5 Rxb2+
51.Kg3 Rb1 52.Nd4 Rg1+ 53.Kh2 Rd1 54.Ne6 Kg8 55.Rd6 Re1 56.Rd8+  1-0

[Event "XIV Salona GM"]
[Site "Solin CRO"]
[Date "2006.11.29"]
[Round "6"]
[White "Kurajica,B"]
[Black "Malakhov,V"]
[Result "0-1"]
[WhiteElo "2555"]
[BlackElo "2682"]

1.d4 d5 2.c4 c6 3.e3 Bf5 4.Bd3 Bxd3 5.Qxd3 e6 6.Nf3 Nf6 7.O-O Nbd7 8.Nbd2 Be7
9.Rd1 O-O 10.e4 a5 11.h4 dxe4 12.Nxe4 Nxe4 13.Qxe4 a4 14.Bg5 Re8 15.Qc2 Nf6
16.Ne5 h6 17.Be3 Nd7 18.Nxd7 Qxd7 19.g3 Bf6 20.Rac1 Red8 21.Qe4 Qe7 22.Rc3 Rd7
23.Qc2 Rad8 24.Rcd3 Qb4 25.b3 axb3 26.axb3 Qa3 27.Qe2 b5 28.Qf3 bxc4 29.bxc4 Qa4
30.d5 Qxc4 31.d6 e5 32.R3d2 e4 33.Qf5 Bc3 34.Rc1 Qb3 35.Rdd1 Rxd6 36.Rxd6 Rxd6
37.Qc8+ Kh7 38.Qf5+ g6 39.Qf4 Rd1+ 40.Rxd1 Qxd1+ 41.Kh2 Qd5 42.Qxh6+ Kg8
43.Qg5 Qxg5 44.hxg5 Kf8 45.Kg2 Ke7 46.f3 exf3+ 47.Kxf3 Kd6 48.Ke4 c5 49.Bf4+ Ke6
50.g4 Bb2 51.Be3 c4 52.Bf4 Bc3 53.Be3 Kd6 54.Bf4+ Kc5 55.Be3+ Kb4 56.Kd5 Be1
57.Kd6 c3  0-1

[Event "XIV Salona GM"]
[Site "Solin CRO"]
[Date "2006.11.30"]
[Round "7"]
[White "Malakhov,V"]
[Black "Movsesian,S"]
[Result "1/2-1/2"]
[WhiteElo "2682"]
[BlackElo "2637"]

1.d4 Nf6 2.Nf3 g6 3.g3 Bg7 4.Bg2 O-O 5.O-O c6 6.Nbd2 d5 7.Re1 Bf5 8.c3 Qc8
9.Nh4 Bh3 10.Bxh3 Qxh3 11.Qb3 Qc8 12.e4 dxe4 13.Nxe4 Nbd7 14.Nxf6+ Bxf6 15.Nf3 Qc7
16.Bh6 Rfe8 17.Ng5 Bxg5 18.Bxg5 e5 19.Re2 exd4 20.Rae1 Rxe2 21.Rxe2 Nc5 22.Qc4 Ne6
23.Bf6 b5 24.Qd3 Qd6 25.Qf3 Rc8 26.cxd4 Nxd4 27.Bxd4 Qxd4 28.Re7  1/2-1/2

[Event "XIV Salona GM"]
[Site "Solin CRO"]
[Date "2006.12.01"]
[Round "8"]
[White "Stefanova,A"]
[Black "Malakhov,V"]
[Result "1/2-1/2"]
[WhiteElo "2489"]
[BlackElo "2682"]

1.d4 d5 2.c4 e6 3.Nf3 c6 4.Qc2 Nf6 5.Bg5 h6 6.Bh4 dxc4 7.Qxc4 b5 8.Qc2 Bb7
9.e3 Nbd7 10.Nbd2 a6 11.a4 Rc8 12.Be2 Be7 13.O-O O-O 14.Bxf6 Bxf6 15.Ne4 Be7
16.Nc5 Nxc5 17.dxc5 Qc7 18.Nd4 Rfd8 19.Bf3 Bf6 20.Rfd1 Rd7 21.b4 Rcd8 22.axb5 axb5
23.Qe4 g6 24.g3 Bg7 25.g4 Qc8 26.Kg2 Rd5 27.Rab1 Qc7 28.Qc2 R5d7 29.Nb3 Rxd1
30.Rxd1 Rxd1 31.Qxd1 Bc3 32.Qd6 Qxd6 33.cxd6 Bxb4 34.d7 Be7 35.Na5 Ba8 36.Bxc6 Bd8
37.Bxa8  1/2-1/2

[Event "XIV Salona GM"]
[Site "Solin CRO"]
[Date "2006.12.02"]
[Round "9"]
[White "Malakhov,V"]
[Black "Paehtz,E"]
[Result "1-0"]
[WhiteElo "2682"]
[BlackElo "2449"]

1.c4 Nf6 2.Nf3 d6 3.g3 g6 4.Bg2 Bg7 5.O-O e5 6.Nc3 O-O 7.d4 Nbd7 8.b3 Re8
9.Bb2 a6 10.Qc2 Rb8 11.Rad1 b5 12.dxe5 dxe5 13.c5 Qe7 14.b4 Bb7 15.e4 c6
16.Rd3 a5 17.a3 axb4 18.axb4 Nxc5 19.bxc5 Qxc5 20.Rc1 Qb6 21.Rd6 Rbd8 22.Rxd8 Qxd8
23.Ba3 Qa5 24.Qb3 h6 25.Ne1 Rd8 26.Bf1 Bc8 27.Bb4 Qa7 28.Nd3 Be6 29.Qa3 Qxa3
30.Bxa3 Nd7 31.Nd1 Ra8 32.Bd6 Ra4 33.f3 Rc4 34.Rxc4 Bxc4 35.Nb4 Bxf1 36.Kxf1 c5
37.Nd3 Bf8 38.Bxf8 Kxf8 39.Nc3 b4 40.Na4 b3 41.Ke2 Ke7 42.Kd2 f5 43.Naxc5  1-0

[Event "3rd Rapid Masters"]
[Site "Benidorm ESP"]
[Date "2006.12.07"]
[Round "1"]
[White "Mascarell Canet,R"]
[Black "Malakhov,V"]
[Result "0-1"]
[WhiteElo "2114"]
[BlackElo "2682"]

1.e4 c5 2.Nf3 Nc6 3.g3 g6 4.Bg2 Bg7 5.Nc3 d6 6.O-O Nf6 7.d4 cxd4 8.Nxd4 Nxd4
9.Qxd4 O-O 10.Qd3 Nd7 11.Be3 Ne5 12.Qe2 Be6 13.Nd5 Rc8 14.Rad1 Nc4 15.Bd4 Nxb2
16.Bxb2 Bxb2 17.Rb1 Bd4 18.Rxb7 Re8 19.Rd1 Bxd5 20.exd5 Bb6 21.a4 Rc5 22.Bh3 Qa8
23.Bd7 Qxb7 24.Bxe8 Qc7 25.Qf3 f5 26.g4 Rxc2 27.Rf1 Qc8 28.Bb5 fxg4 29.Qe4 Qf5
30.Qxf5 gxf5 31.Bd3 Ra2 32.Bxf5 Rxa4 33.Kg2 Rb4 34.Kg3 a5 35.Bxg4 a4 36.Re1 Kf7
37.Bh5+ Kf8 38.Rc1 Bc5 39.Rc3 Rb2 40.Rf3+ Kg8 41.Kg2 a3 42.Rg3+ Kh8  0-1

[Event "3rd Rapid Masters"]
[Site "Benidorm ESP"]
[Date "2006.12.07"]
[Round "2"]
[White "Malakhov,V"]
[Black "Remoli Sargues,F"]
[Result "1-0"]
[WhiteElo "2682"]
[BlackElo "2278"]

1.c4 g6 2.g3 Bg7 3.Bg2 Nf6 4.Nf3 O-O 5.O-O d6 6.Nc3 e5 7.d4 Nbd7 8.b3 c6
9.Bb2 Re8 10.e3 e4 11.Nd2 d5 12.b4 h5 13.f3 exf3 14.Qxf3 Qe7 15.a3 Qxe3+
16.Qxe3 Rxe3 17.cxd5 Nxd5 18.Nxd5 cxd5 19.Bxd5 Nf6 20.Bg2 Bd7 21.Bxb7 Rae8
22.Nc4 Re2 23.Bf3 Rc2 24.Rfc1 Rxc1+ 25.Rxc1 Bh6 26.Rd1 Ba4 27.Ra1 Rc8 28.d5 Ng4
29.h3 Rxc4 30.hxg4 hxg4 31.Bd1 Be3+ 32.Kh1 Bd7 33.Bb3 Re4 34.Re1 f5 35.Kg2 Kf8
36.Bf6 Kf7 37.Bd8 g5 38.Bc7 Re8 39.Rf1 Bd4 40.Bc4 Kg6 41.b5 Re3 42.Rd1 Bc5
43.a4 Rc3 44.Bd3 Ra3 45.a5 Ra2+ 46.Kf1 Rh2 47.b6 Rh1+ 48.Ke2 Rh2+ 49.Ke1 Bb4+
50.Kf1 Rh1+ 51.Kg2 Rxd1 52.b7 Rd2+ 53.Kf1 Rd1+ 54.Kg2 Rd2+ 55.Kh1 Rd1+ 56.Bf1 Rxf1+
57.Kg2 Rd1 58.b8=Q Rd2+ 59.Kf1 Bc5 60.Qg8+ Kh6 61.Be5 Bb5+ 62.Ke1 Re2+ 63.Kd1 Rxe5
64.Qh8+ Kg6 65.Qxe5  1-0

[Event "3rd Rapid Masters"]
[Site "Benidorm ESP"]
[Date "2006.12.08"]
[Round "3"]
[White "Camarena Gimenez,R"]
[Black "Malakhov,V"]
[Result "0-1"]
[WhiteElo "2330"]
[BlackElo "2682"]

1.d4 c5 2.d5 g6 3.e4 Bg7 4.Nf3 d6 5.Be2 Nf6 6.Nc3 O-O 7.O-O e6 8.Nd2 exd5
9.exd5 Nbd7 10.a4 Re8 11.Nc4 Nb6 12.Ne3 Bd7 13.a5 Nc8 14.Nc4 a6 15.h3 Bb5
16.Be3 Ne4 17.Nxe4 Rxe4 18.Nd2 Re8 19.c3 Ne7 20.Nc4 Nf5 21.Bf4 Bxc4  0-1

[Event "3rd Rapid Masters"]
[Site "Benidorm ESP"]
[Date "2006.12.08"]
[Round "4"]
[White "Malakhov,V"]
[Black "Baches Garcia,G"]
[Result "1-0"]
[WhiteElo "2682"]
[BlackElo "2379"]

1.e4 c5 2.d3 Nc6 3.g3 g6 4.Bg2 Bg7 5.f4 d6 6.Nf3 Nf6 7.O-O O-O 8.h3 b5 9.a4 b4
10.Nbd2 Ba6 11.Qe2 Rc8 12.Nc4 Nd7 13.Rb1 Bxc4 14.dxc4 Nd4 15.Nxd4 cxd4 16.b3 Nc5
17.Kh2 e6 18.Bd2 a5 19.Qf3 f5 20.exf5 gxf5 21.Qe2 Qf6 22.Be1 Qg6 23.Bf2 e5
24.Bd5+ Kh8 25.Rbd1 Ne4 26.Be1 Rce8 27.fxe5 dxe5 28.g4 Nc5 29.gxf5 Rxf5 30.Rxf5 Qxf5
31.Bg3 e4 32.Rf1 Qg5 33.h4 Qh6 34.Qg4 d3 35.cxd3 exd3 36.Bf4 Qf6 37.Rf3 Qb2+
38.Kh3 d2 39.Rg3 Qd4 40.Bxd2 Qxg4+ 41.Kxg4 Re2 42.Bf4 Rb2 43.Bd6 Nxb3 44.Kh5 Nd4
45.Be5 Nf5 46.Rxg7 Nxg7+ 47.Kh6  1-0

[Event "3rd Rapid Masters"]
[Site "Benidorm ESP"]
[Date "2006.12.08"]
[Round "5"]
[White "Delchev,A"]
[Black "Malakhov,V"]
[Result "1/2-1/2"]
[WhiteElo "2628"]
[BlackElo "2682"]

1.e4 c5 2.Nf3 Nc6 3.Bb5 d6 4.O-O Bd7 5.Re1 Nf6 6.c3 a6 7.Bf1 Bg4 8.h3 Bxf3
9.Qxf3 g6 10.d3 Bg7 11.Be3 O-O 12.Nd2 Nd7 13.Qd1 b5 14.a3 Qb8 15.Nf3 Nde5
16.Nh2 Rc8 17.h4 a5 18.h5 Nd7 19.g3 b4 20.axb4 axb4 21.Bh3 Rxa1 22.Qxa1 Rc7
23.Rd1 Nb6 24.Nf3 Ra7 25.Qc1 bxc3 26.bxc3 Na4 27.d4 Qb3 28.Bd2 cxd4 29.Nxd4 Nxd4
30.cxd4 Ra8 31.Be1 Nb2 32.Rd2 Nd3 33.Qd1 Qxd1 34.Rxd1 Nxe1 35.Rxe1 Bxd4 36.hxg6 hxg6
37.Re2 Kg7 38.Kg2 e6 39.Rd2 Bc5 40.Bg4 f5 41.Bf3 Ra4 42.Re2 Kf6 43.g4 fxe4
44.Rxe4 Ra2 45.Re2 Ra3 46.Bc6 e5 47.Rd2 Bd4 48.Be4 g5 49.Rd3 Ra2 50.Rf3+ Ke6
51.Bh7 d5 52.Bg8+ Kd6 53.Rf8 Rd2 54.Rd8+ Ke7 55.Rxd5 Rxf2+ 56.Kg3 Rf4 57.Bh7 Ke6
58.Rd8 Bf2+ 59.Kg2 Bc5 60.Bf5+ Kf6 61.Rc8 Be7 62.Rc6+ Kf7 63.Re6 Bf6 64.Kg3 Rb4
65.Kg2 Rb2+  1/2-1/2

[Event "3rd Rapid Masters"]
[Site "Benidorm ESP"]
[Date "2006.12.09"]
[Round "6"]
[White "Malakhov,V"]
[Black "Kozul,Z"]
[Result "1-0"]
[WhiteElo "2682"]
[BlackElo "2589"]

1.Nf3 Nf6 2.c4 g6 3.g3 c6 4.b3 Bg7 5.Bb2 O-O 6.Bg2 d5 7.O-O Bg4 8.h3 Bxf3
9.Bxf3 e6 10.d3 Ne8 11.d4 f5 12.Nd2 h5 13.h4 Nf6 14.Bg2 Nbd7 15.Qc2 a5 16.Rad1 Qb8
17.Nf3 Ne4 18.Bc1 a4 19.Bf4 Qa7 20.b4 a3 21.Rd3 Qa4 22.Rb3 Nb6 23.c5 Nc4
24.Ne5 Qb5 25.Rc1 Rfd8 26.f3 Nf6 27.Nxc4 dxc4 28.Qxc4 Qxc4 29.Rxc4 Ne8 30.Rd3 Rd7
31.Be3 Nc7 32.f4 Nb5 33.Bf2 Rad8 34.e3 e5 35.fxe5 Bxe5 36.Rc2 Bf6 37.Bf1 Ra8
38.Rb3 Nc7 39.Bc4+ Kg7 40.Rcc3 Ra4 41.b5 cxb5 42.Bxb5 Nxb5 43.Rxb5 Kf7 44.Rcb3 Ra7
45.Kg2 Bd8 46.Kf3 Ke6 47.e4 Rf7 48.Be3 fxe4+ 49.Kxe4 Rd7 50.d5+ Kf7 51.R5b4 Be7
52.d6 Bf8 53.c6 bxc6 54.Bxa7 Rxa7 55.Rf3+ Kg7 56.Ke5  1-0